Un organismo interesante: historia de la Caja de Ahorros de Empleados Públicos, fundada el año 1858
Enregistré dans:
| Auteur principal: | |
|---|---|
| Format: | Livre |
| Langue: | espagnol |
| Publié: |
Santiago, Chile
Universitaria
1928
|
| Sujets: | |
| Tags: |
Ajouter un tag
Pas de tags, Soyez le premier à ajouter un tag!
|
MARC
| LEADER | 00000nam a2200000 a 4500 | ||
|---|---|---|---|
| 001 | UCR1237 | ||
| 003 | CL-VaPUC | ||
| 005 | 20210313001704.0 | ||
| 008 | 971212e19280000CL |||||||||||||||||spa|d | ||
| 999 | |c 264713 |d 264711 | ||
| 040 | |c Pontificia Universidad Católica de Valparaíso | ||
| 082 | 0 | 4 | |a 342.068 VER 1928 |2 21 |
| 100 | 0 | |a Vergara Robles, Enrique |e author |9 398244 | |
| 245 | 1 | 3 | |a Un organismo interesante: |b historia de la Caja de Ahorros de Empleados Públicos, fundada el año 1858 |
| 260 | |a Santiago, Chile |b Universitaria |c 1928 | ||
| 300 | |a 655 páginas | ||
| 583 | |a last modification |c 19971212 00:00:00 |k Rodrigo Vera | ||
| 610 | |2 CAJA NACIONAL DE EMPLEADOS PUBLICOS Y PERIODISTAS |z CHILE |9 856848 | ||
| 650 | 7 | |a EMPLEADOS PUBLICOS |2 CL-VaPUC |9 256133 |z CHILE | |
| 650 | 0 | |a Administración pública |z CHILE |9 255343 | |
| 650 | 7 | |a ESTATUTO ADMINISTRATIVO |2 CL-VaPUC |9 255948 |z CHILE | |
| 852 | |a BIBCUR | ||
| 942 | |c BK |2 ddc | ||
| 945 | |d 19971212 00:00:00 |a cmena | ||
| 952 | |0 0 |1 0 |2 ddc |4 0 |6 342_068000000000000_VER_1928 |7 0 |8 DER_HDC |9 295114 |a BIBDER |b BIBDER |d 2019-11-19 |i 1921932 |o 342.068 VER 1928 |p 1921932 |r 2019-11-19 |t 1 |w 2019-11-19 |x Ubicación 4to Piso |y BK |z Estos recursos deben solicitarse con anticipación |k DER | ||
| 952 | |0 0 |1 0 |2 ddc |4 0 |6 342_068000000000000_VER_1928 |7 0 |8 X |9 295115 |a BIBHIS |b BIBHIS |d 2019-11-19 |i 1255703 |o 342.068 VER 1928 |p 1255703 |r 2024-01-30 |t 2 |w 2019-11-19 |y BK_X |k HIS | ||